| 000 | 00543nam a22001817a 4500 | ||
|---|---|---|---|
| 005 | 20231115122433.0 | ||
| 008 | 231115b |||||||| |||| 00| 0 eng d | ||
| 020 | _a070212916 X | ||
| 041 | _aEnglish | ||
| 082 | _a344.1 RIE | ||
| 100 |
_aRiekert, J _lEnglish |
||
| 245 |
_aRiekert's Basic Employment Law / _cJ Riekert |
||
| 250 | _aSecond Edition | ||
| 260 |
_aCape Town : _bJuta and Company Ltd, _c1993 |
||
| 300 |
_bxxviii, 160 pages ; _c25,5 cm. |
||
| 650 |
_aLegal practice _bLaw |
||
| 942 |
_cBK _6ALISON_BN_VRIES |
||
| 999 |
_c674 _d674 |
||